| 000 | 00677nam a2200229Ia 4500 | ||
|---|---|---|---|
| 008 | 180523s9999 xx 000 0 und d | ||
| 020 | _a978-621-415-041-0 | ||
| 050 | _aFIL PL 6054 | ||
| 050 | _b.B37 2016 | ||
| 100 | _aBaronda, Andrew John C. | ||
| 245 | 0 | _aKomunikasyon at pananaliksik sa wika at kulturang Filipino / | |
| 245 | 0 | _cAndrew John C. Baronda. | |
| 260 | _aPhilippines : | ||
| 260 | _bJFS Publishing, | ||
| 260 | _c2016 | ||
| 300 | _a155 pages : | ||
| 300 | _billustrations ; | ||
| 300 | _c26 cm. | ||
| 500 | _aIncludes bibliographical references. | ||
| 650 | _aFilipino language -- Study and teaching. | ||
| 650 | _xFilipino language -- Grammar. | ||
| 999 |
_c357867 _d357867 |
||